Lange Pharmacology Flashcards / (Record no. 595582)
[ view plain ]
| 000 -LEADER | |
|---|---|
| fixed length control field | 00488nam a22001577a 4500 |
| 020 ## - INTERNATIONAL STANDARD BOOK NUMBER | |
| International Standard Book Number | 9781259837241 |
| 082 ## - DEWEY DECIMAL CLASSIFICATION NUMBER | |
| Classification number | 615.1 |
| Author Mark | LAN |
| 245 ## - TITLE STATEMENT | |
| Title | Lange Pharmacology Flashcards / |
| Statement of responsibility, etc. | Edited by Suzanne J. Baron; Christoph l. Lee |
| 250 ## - EDITION STATEMENT | |
| Edition statement | 4th Edition. |
| 260 ## - PUBLICATION, DISTRIBUTION, ETC. | |
| Place of publication, distribution, etc. | New York : |
| Name of publisher, distributor, etc. | McGraw-Hill Education. |
| Date of publication, distribution, etc. | 2018. |
| 300 ## - PHYSICAL DESCRIPTION | |
| Extent | unpage; |
| Other physical details | ill, |
| Dimensions | 24 cm. |
| 563 ## - BINDING INFORMATION | |
| Binding note | PBK. |
| 650 ## - SUBJECT ADDED ENTRY--TOPICAL TERM | |
| Topical term or geographic name entry element | Medicine--Study and teaching |
| 9 (RLIN) | 113544 |
| 650 ## - SUBJECT ADDED ENTRY--TOPICAL TERM | |
| Topical term or geographic name entry element | Pharmacology--Study and teaching |
| 9 (RLIN) | 114173 |
| 942 ## - ADDED ENTRY ELEMENTS (KOHA) | |
| Source of classification or shelving scheme | |
| Koha item type | Book |
| Withdrawn status | Lost status | Source of classification or shelving scheme | Damaged status | Not for loan | Permanent Location | Current Location | Shelving location | Date acquired | Source of acquisition | Cost, normal purchase price | Full call number | Barcode | Date last seen | Copy number | Cost, replacement price | Price effective from | Koha item type |
|---|---|---|---|---|---|---|---|---|---|---|---|---|---|---|---|---|---|
| NUST School of Health Sciences (NSHS) | NUST School of Health Sciences (NSHS) | General Stacks | 08/17/2023 | Prince Books | 2960.00 | 615.1 LAN | NSHS-1622 | 08/17/2023 | c.1 | 5920.00 | 08/17/2023 | Book | |||||
| NUST School of Health Sciences (NSHS) | NUST School of Health Sciences (NSHS) | General Stacks | 08/17/2023 | Prince Books | 2960.00 | 615.1 LAN | NSHS-1623 | 08/17/2023 | c.2 | 5920.00 | 08/17/2023 | Book |
